Chính phủ điện tử

Sách cung cấp cho người đọc những khái niệm cơ bản, các bài học kinh nghiệm của một số nước về công nghệ thông tin và truyền thông, sự tác động, ảnh hưởng của nó đến nền kinh tế, chính trị, xã hội....

Descripció completa

Guardat en:
Dades bibliogràfiques
Autor principal: Trần, Minh Tiến
Format: Llibre
Idioma:Undetermined
Publicat: Hà Nội Bưu điện 2006
Matèries:
Etiquetes: Afegir etiqueta
Sense etiquetes, Sigues el primer a etiquetar aquest registre!
Thư viện lưu trữ: Trung tâm Học liệu Trường Đại học Cần Thơ
LEADER 00955nam a2200205Ia 4500
001 CTU_114190
008 210402s9999 xx 000 0 und d
020 |c 8000 
082 |a 351 
082 |b T305 
100 |a Trần, Minh Tiến 
245 0 |a Chính phủ điện tử 
245 0 |c Trần Minh Tiến, Nguyễn Thành Phúc; Nguyễn Quỳnh Anh biên dịch 
260 |a Hà Nội 
260 |b Bưu điện 
260 |c 2006 
520 |a Sách cung cấp cho người đọc những khái niệm cơ bản, các bài học kinh nghiệm của một số nước về công nghệ thông tin và truyền thông, sự tác động, ảnh hưởng của nó đến nền kinh tế, chính trị, xã hội. 
650 |a Electronic government information,Online information services 
904 |i Năm 
980 |a Trung tâm Học liệu Trường Đại học Cần Thơ